000 00455nam a2200181Ia 4500
001 2283
005 20260306143831.0
008 260306t2012||||xx |||||||||||||| ||spa||
041 _aESP
082 _a616.855
_bD75
100 _aDiéguez-Vide, Faustino
_eAUT
245 0 _aCerebro y lenguaje:
_bsintomatología neurolingüística
260 _c2012
300 _a347 páginas :
_c24 cm.
650 _aGEN
654 _aCPS
942 _cLIB
_dJUS
_fJUS
_2ddc
_n
999 _c2283
_d2283